000 00337nam a2200133 i 4500
001 bg
100 1 _aNOWAK, Marian
245 0 _aBadania wytrzymalosci zmeczeniowej rur z tworzyw sztucznych /
_cMarian Nowak.
260 _aWroclaw,
_c1980.
040 _cBPK
041 _apol
942 _cKS
008 s pl f |000 0 pol
999 _c19641
_d19641
856 _uhttp://koha.tu.koszalin.pl/cgi-bin/koha/opac-detail.pl?biblionumber=19641
_yKatalog online BPK